000 00522nam a2200145Ia 4500
008 170221s9999 xx 000 0 und d
100 _aGita Sugiyarti
245 _aExperiential Marketing Creative Antecedence for Success of Brand Loyalty: The Users of Perfume for Body in Indonesia
245 _cGita Sugiyarti, Hendar Hendar
260 _bInternational Review of Management and Marketing
260 _cFebruary 2016
300 _a5:1
650 _xMarketing.
856 _uhttp://www.econjournals.com/index.php/irmm
999 _c309920
_d309920